| 000 | 00344nam a2200133Ia 4500 | ||
|---|---|---|---|
| 005 | 20251222144748.0 | ||
| 008 | 251222s9999||||xx |||||||||||||| ||spa|| | ||
| 020 | _a84-8088-016-3 | ||
| 082 | _a658.83/L753 | ||
| 100 | _aLlonch, Joan | ||
| 245 | 0 | _aOrientación al Mercado y Competitividad de La Empresa | |
| 264 | _bEDA GESTIÓN | ||
| 942 | _cLIB | ||
| 999 |
_c19248 _d19248 |
||